Cuentos rusos (Registro nro. 3838)

Detalles MARC
000 -CABECERA
Longitud fija campo de control 00959nam a2200253Ia 4500
005 - • FECHA Y HORA DE LA ÚLTIMA TRANSACCIÓN
Fecha y hora de la última transacción 20220317000348.0
008 - • CÓDIGOS DE INFORMACIÓN DE LONGITUD FIJA
Códigos de información de longitud fija 141031s9999 ck 000 0 spa d
020 ## - • NÚMERO INTERNACIONAL NORMALIZADO PARA LIBROS
Número Internacional Normalizado para Libros (ISBN) 9788478846016
040 ## - FUENTE DE LA CATALOGACIÓN
Centro catalogador de origen CO-BoRNBP
Lengua de catalogación spa
Normas de descripción rda
Centro transcriptor CO-BoRNBP
084 ## - • Clasificación Local Alfanúmerica PNLB
Número de clasificación C CHE1
100 1# - • PUNTO DE ACCESO PRINCIPAL-NOMBRE DE PERSONA
Nombre de persona Chejov, Anton Pavlovich,
Fechas asociadas al nombre 1860-1904
245 10 - • TITULO PROPIAMENTE DICHO
Título Cuentos rusos
Mención de responsabilidad, etc. Anton Chéjov
250 ## - • MENCIÓN DE EDICIÓN
Mención de edición 3a edición
264 ## - PRODUCCIÓN, PUBLICACIÓN , DISTRIBUCIÓN, FABRICACIÓN Y COPYRIGHT
Lugar de producción, publicación, distribución, fabricación Madrid
Nombre del productor, editor, distribuidor, fabricante Editorial Popular
Fecha de de producción, publicación, distribución, fabricación o copyright 2014
300 ## - • DESCRIPCIÓN FÍSICA
Extensión 119 páginas
Dimensiones 21 cm.
336 ## - TIPO DE CONTENIDO
Término de tipo de contenido texto
Código de tipo de contenido txt
Fuente rdacontent
337 ## - TIPO DE MEDIO
Nombre del tipo de medio sin mediación
Código del tipo de medio n
Fuente rdamedia
338 ## - TIPO DE SOPORTE
Nombre del tipo de soporte volumen
Código del tipo de soporte nc
Fuente rdacarrier
490 ## - • MENCIÓN DE SERIE
Mención de serie Letra grande
Designación de volumen o secuencia Volumen 45
505 ## - • NOTA DE CONTENIDO CON FORMATO
Nota de contenido con formato Un ser debil -- Un final feliz -- Las botas cambiadas -- Un peluquero desesperado -- En la hospedería -- Fama -- Una noche de miedo -- Lotería -- La medalla -- La venganza -- Vañaka -- La corista -- Apellido de caballo
650 14 - • PUNTO DE ACCESO ADICIONAL DE MATERIA - TÉRMINO DE MATERIA
Fuente del encabezamiento o término LEMB
Término de materia o nombre geográfico como elemento inicial Literatura rusa
Subdivisión cronológica Siglo XIX
650 14 - • PUNTO DE ACCESO ADICIONAL DE MATERIA - TÉRMINO DE MATERIA
Fuente del encabezamiento o término LEMB
Término de materia o nombre geográfico como elemento inicial Cuentos rusos
Subdivisión cronológica Siglo XIX
942 ## - ENTRADA DE ELEMENTOS AGREGADOS (KOHA)
Fuente de clasificaión o esquema
Koha [por defecto] tipo de item Libro Literatura

No hay ítems disponibles.










Instituto Departamental de Cultura del Meta - Red Departamental de Bibliotecas Públicas del Meta.